Word Ladder: Shaken, Not Stirred Quiz Stats

Quiz Updated Apr 12, 2018

Challenge
Share
Tweet
Embed
Score 0/22 Timer 03:00
3 Plays Today
Clue 4-Letter Word % Correct
• 1973: ____ And Let Die •• LIVE •
97.7%
• 1963: From Russia With ____• LOVE •
97.5%
• 1989: Licence to ____• KILL •
96.9%
Hit with the footKICK
96.6%
Lacking hairBALD
96.3%
• 1964: ____finger •• GOLD •
96.2%
Stroke of the tongueLICK
95.7%
ParasitesLICE
93.8%
Music groupBAND
93.6%
One thousand gramsKILO
93.1%
• 2012: Sky____• FALL •
91.6%
Clue 4-Letter Word % Correct
• 1965: Thunder____• BALL •
91.6%
• 1979: ____raker •• MOON •
90.2%
• 'The name is ____' •• BOND. James Bond. •
90.2%
SatiateFILL
89.5%
Hollow formMOLD
88.1%
State of feelingMOOD
87.3%
Aquatic birdLOON
84.5%
Stuff of legendsLORE
77.6%
Mental twistKINK
75.1%
Russian, German and Norwegian for 'cinema'KINO
74%
BereftLORN
72.5%

Today's Daily Dose

Word Ladder
'90s Movies

Quick Pick
'Fire' Movies

On This Day
June 19th II

You're not logged in!

Compare scores with friends on all Sporcle quizzes.
Join for Free
OR
Log In

You Might Also Like...

Show Comments

Extras

Top Quizzes Today


Score Distribution

Your Account Isn't Verified!

In order to create a playlist on Sporcle, you need to verify the email address you used during registration. Go to your Sporcle Settings to finish the process.

Report this User

Report this user for behavior that violates our Community Guidelines.

Details: